00378nam a2200133Ia 4500008004100000040001900041041001200060082002200072245007000094260002900164300002500193650001000218850001600228131103s9999 xx 000 0 und d aLoreto College aEnglish aRef/IbLCBED/2388 a5000 jahre Kunst Aus Indienb five thousand years-Art from India  aEssenbVilla Hugelc1959 a430p.b pic.c 23cm. aIndia aLCBED/Ref/I